Gauging the impact of Section 111 (Record no. 67989)
[ view plain ]
| 000 -LEADER | |
|---|---|
| fixed length control field | 01605cam a2200277 4500 |
| 001 - CONTROL NUMBER | |
| control field | ABS64351 |
| 008 - FIXED-LENGTH DATA ELEMENTS--GENERAL INFORMATION | |
| fixed length control field | 010813n2001 000 0 eng u |
| 035 ## - SYSTEM CONTROL NUMBER | |
| System control number | (Sirsi) u114067 |
| 100 ## - MAIN ENTRY--PERSONAL NAME | |
| Personal name | Atkinson, D |
| 245 ## - TITLE STATEMENT | |
| Title | Gauging the impact of Section 111 |
| 260 ## - PUBLICATION, DISTRIBUTION, ETC. | |
| Date of publication, distribution, etc. | 2001 |
| 490 ## - SERIES STATEMENT | |
| Series statement | Construction News |
| Volume/sequential designation | (6727) 2 August 2001, 12(1) |
| 520 ## - SUMMARY, ETC. | |
| Summary, etc. | A s111 notice is required to be given if payment of the sum due is to be withheld. The notice must state in writing the amounts to be withheld and the grounds for each amount. A s111 notice for abatement is probably not necessary for defects that are obvious at the time of assessment of the work in question, but should be given in view of the conflicting court decisions so far. A s111 notice may be required for abatement of price in an interim payment for work previously paid for and subsequently found to be defective. If the last payment has been made before the defect becomes apparent, an adjudicator's order can be sought or litigation or arbitration commenced. [Taken from journal abstract]. |
| 590 ## - LOCAL NOTE (RLIN) | |
| Local note | ABS |
| 650 ## - SUBJECT ADDED ENTRY--TOPICAL TERM | |
| Topical term or geographic name entry element | HOUSING GRANTS CONSTRUCTION AND REGENERATION ACT 1996 S111 |
| 650 ## - SUBJECT ADDED ENTRY--TOPICAL TERM | |
| Topical term or geographic name entry element | S111 NOTICES |
| 650 ## - SUBJECT ADDED ENTRY--TOPICAL TERM | |
| Topical term or geographic name entry element | ABATEMENT |
| 650 ## - SUBJECT ADDED ENTRY--TOPICAL TERM | |
| Topical term or geographic name entry element | WITHHOLDING PAYMENT |
| 650 ## - SUBJECT ADDED ENTRY--TOPICAL TERM | |
| Topical term or geographic name entry element | DEFECTIVE WORK |
| 650 ## - SUBJECT ADDED ENTRY--TOPICAL TERM | |
| Topical term or geographic name entry element | SL TIMBER SYSTEMS LTD V CARILLION CONSTRUCTION LTD |
| 650 ## - SUBJECT ADDED ENTRY--TOPICAL TERM | |
| Topical term or geographic name entry element | WOODS HARDWICK LTD V CHILTERN AIR CONDITIONING |
| 650 ## - SUBJECT ADDED ENTRY--TOPICAL TERM | |
| Topical term or geographic name entry element | NORTHERN DEVELOPMENTS (CUMBRIA) LTD V J & J NICHOL |
| 650 ## - SUBJECT ADDED ENTRY--TOPICAL TERM | |
| Topical term or geographic name entry element | WHITEWAYS CONTRACTORS (SUSSEX) LTD V IMPRESA CASTELLI CONSTRUCTION UK LTD |
| 690 ## - LOCAL SUBJECT ADDED ENTRY--TOPICAL TERM (OCLC, RLIN) | |
| Topical term or geographic name as entry element | Dispute resolution |
| 9 (RLIN) | 6236 |
| 942 ## - ADDED ENTRY ELEMENTS (KOHA) | |
| Suppress in OPAC | 0 |
| Withdrawn status | Lost status | Source of classification or shelving scheme | Damaged status | Not for loan | Home library | Current library | Shelving location | Date acquired | Total Checkouts | Full call number | Barcode | Date last seen | Copy number | Price effective from | Koha item type |
|---|---|---|---|---|---|---|---|---|---|---|---|---|---|---|---|
| Dewey Decimal Classification | London | London | Journal article | 13/08/2001 | ABS64351 | 114067-1001 | 06/08/2019 | 1 | 06/08/2019 | Journal article |